000 01658cam a22004574i 4500
003 PE-LiUPU
005 20250731173014.0
008 150623s1990 nyu rb 000 0 eng d
020 _a0195115805
035 _a(Sirsi) i9780195115802
040 _aPE-LiUPU
_bspa
_cPE-LiUPU
_erda
049 _aPRUA
082 0 4 _a228.066
_bT48
_221
100 1 _aThompson, Leonard L.,
_eautor.
245 1 4 _aThe book of revelation :
_bapocalypse and empire /
_cLeonard L. Thompson.
264 1 _aNew York, NY :
_bOxford University Press,
_c1990.
300 _a264 páginas ;
_c24 centímetros
336 _atext
_2rdacontent
337 _aunmediated
_2rdamedia
338 _avolume
_2rdacarrier
504 _aIncluye bibliografía.
505 0 _aOrientation -- The scrip: wholeness and the language of the book of revelation -- The stage: roman society and the province of Asia -- The play: the apocalypse and the empire.
526 _aSEG42
526 _aSEG41
526 _aSEG40
526 _aSEG39
526 _aP94
526 _aP87
526 _aP86
526 _aP85
526 _aP77
526 _aP76
526 _aP35
630 _aBiblia.
_pN.T.
_pApocalipsis
_xCrítica, interpretación, etc.
942 _2ddc
_cBOOK
949 _a228.066 T48
_wDEWEY
_c1
_i47254
_lCCODEBUL1
_mBUL
_r0
_sY
_tBOOK
_u2015-6-24
_xTEOLOGIA
_PP35
_0COMPRA
_o.STAFF. Colección General
994 _aC0
_bPEPRU
596 _a1
999 _a228.066 T48
_wDEWEY
_c23798
_i47254
_d23798
_f2021-11-9
_g5
_lCCODEBUL1
_mBUL
_p32.95
_q5
_r0
_sY
_tBOOK
_u2015-6-24
_xTEOLOGIA
_PP35
_0COMPRA
_o.STAFF. Colección Teología
980 _81
_gALBERTO SANCHEZ Responsable de Automatización